<?xml version="1.0" encoding="UTF-8"?>
<record
    xmlns:xsi="http://www.w3.org/2001/XMLSchema-instance"
    xsi:schemaLocation="http://www.loc.gov/MARC21/slim http://www.loc.gov/standards/marcxml/schema/MARC21slim.xsd"
    xmlns="http://www.loc.gov/MARC21/slim">

  <leader>01616nas a2200277Ia 4500</leader>
  <controlfield tag="001">R500-R8058</controlfield>
  <controlfield tag="003">IT-CnALBA</controlfield>
  <controlfield tag="008">170116c99999999xx ||||||||||||   ||und||</controlfield>
  <datafield tag="040" ind1=" " ind2=" ">
    <subfield code="a">IT-CnALBA</subfield>
    <subfield code="c">IT-CnALBA</subfield>
  </datafield>
  <datafield tag="041" ind1=" " ind2=" ">
    <subfield code="a">ITALIANO</subfield>
  </datafield>
  <datafield tag="100" ind1=" " ind2=" ">
    <subfield code="a">CHISINI O.</subfield>
  </datafield>
  <datafield tag="210" ind1=" " ind2=" ">
    <subfield code="a">PERIODICO DI MATEMATICHE</subfield>
  </datafield>
  <datafield tag="222" ind1=" " ind2=" ">
    <subfield code="a">PERIODICO DI MATEMATICHE</subfield>
  </datafield>
  <datafield tag="245" ind1=" " ind2="0">
    <subfield code="a">PERIODICO DI MATEMATICHE. DICEMBRE 1954. STORIA. DIDATTICA. FILOSOFIA. </subfield>
  </datafield>
  <datafield tag="250" ind1=" " ind2=" ">
    <subfield code="a">1a ed.</subfield>
  </datafield>
  <datafield tag="260" ind1=" " ind2=" ">
    <subfield code="a"> BOLOGNA</subfield>
    <subfield code="b">ZANICHELLI NICOLA, EDITORE </subfield>
    <subfield code="c">1954 [1&#xB0; Ed.:1954 - Ed.Ling.Originale: 1954]</subfield>
  </datafield>
  <datafield tag="300" ind1=" " ind2=" ">
    <subfield code="a">68 p. </subfield>
  </datafield>
  <datafield tag="310" ind1=" " ind2=" ">
    <subfield code="a">BIMESTRALE</subfield>
  </datafield>
  <datafield tag="362" ind1=" " ind2=" ">
    <subfield code="a">Fascicolo: 5 /  (1954)</subfield>
  </datafield>
  <datafield tag="500" ind1=" " ind2=" ">
    <subfield code="a">QUESTIONI. DEDO'' M. PAGNI P. SIBIRANI F. ZEULI T. CAVALLARO U. CONFRONTO POLIEDRI REGOLARI NELLA COLLEZIONE MATEMATICA DI PAPPO. ESEMPIO DIMOSTRAZIONI PROCEDIMENTI GEOMETRIA ALGEBRICA. PARTIZIONI NUMERICHE. CALCOLO DI MEDIA ARITMETICA. DIMOSTRAZIONE DI ALCUNE FORMULE DI TRIGONOMETRIA PIANA E SFERICA. CLASSICHE FRAZIONI CONTINUE. SERIE LOGARITMICHE. APPROSSIMATA ESPRESSIONE. </subfield>
  </datafield>
  <datafield tag="501" ind1=" " ind2=" ">
    <subfield code="a">Societ&#xE0; San Paolo EM - Piazza San Paolo, 14 - 12051 ALBA (CN)  (non commercial uses only) &#xAE; Copyright 2017</subfield>
  </datafield>
  <datafield tag="520" ind1=" " ind2=" ">
    <subfield code="a">QUESTIONI. DEDO'' M. PAGNI P. SIBIRANI F. ZEULI T. CAVALLARO U. CONFRONTO POLIEDRI REGOLARI NELLA COLLEZIONE MATEMATICA DI PAPPO. ESEMPIO DIMOSTRAZIONI PROCEDIMENTI GEOMETRIA ALGEBRICA. PARTIZIONI NUMERICHE. CALCOLO DI MEDIA ARITMETICA. DIMOSTRAZIONE DI ALCUNE FORMULE DI TRIGONOMETRIA PIANA E SFERICA. CLASSICHE FRAZIONI CONTINUE. SERIE LOGARITMICHE. APPROSSIMATA ESPRESSIONE. </subfield>
  </datafield>
  <datafield tag="650" ind1=" " ind2=" ">
    <subfield code="a">SCIENZE PURE IN GENERE</subfield>
  </datafield>
  <datafield tag="942" ind1=" " ind2=" ">
    <subfield code="c">CR</subfield>
  </datafield>
  <datafield tag="957" ind1=" " ind2=" ">
    <subfield code="7">1</subfield>
  </datafield>
  <datafield tag="999" ind1=" " ind2=" ">
    <subfield code="a">59625</subfield>
    <subfield code="b">NO</subfield>
    <subfield code="g">1</subfield>
    <subfield code="c">326652</subfield>
    <subfield code="d">326652</subfield>
  </datafield>
  <datafield tag="952" ind1=" " ind2=" ">
    <subfield code="0">0</subfield>
    <subfield code="1">0</subfield>
    <subfield code="4">0</subfield>
    <subfield code="6">R_500R8058</subfield>
    <subfield code="7">1</subfield>
    <subfield code="a">ALBA</subfield>
    <subfield code="b">ALBA</subfield>
    <subfield code="d">2017-01-16</subfield>
    <subfield code="l">0</subfield>
    <subfield code="o">R500-R8058</subfield>
    <subfield code="r">2017-01-16 00:00:00</subfield>
    <subfield code="w">2017-01-16</subfield>
    <subfield code="y">CR</subfield>
    <subfield code="z">(data import: 16 gennaio 2017) - By Epidotti, Vaglietti. </subfield>
  </datafield>
</record>
